000 01248nam a22003134a 4500
001 ebr10081923
003 CaPaEBR
006 m u
007 cr cn|||||||||
008 030116s2003 mau sb 001 0 eng
020 _z158053628X (alk. paper)
040 _aCaPaEBR
_cCaPaEBR
035 _a(OCoLC)52740007
050 1 4 _aHE8675
_b.M36 2003eb
082 0 4 _a384.54/524
_221
100 1 _aManner, Jennifer A.
245 1 0 _aSpectrum wars
_h[electronic resource] :
_bthe policy and technology debate /
_cJennifer A. Manner.
260 _aBoston :
_bArtech House,
_cc2003.
300 _axvii, 186 p.
490 1 _aArtech House telecommunications library
504 _aIncludes bibliographical references (p. 173-176) and index.
533 _aElectronic reproduction.
_bPalo Alto, Calif. :
_cebrary,
_d2013.
_nAvailable via World Wide Web.
_nAccess may be limited to ebrary affiliated libraries.
650 0 _aRadio frequency allocation.
650 0 _aCell phone systems.
655 7 _aElectronic books.
_2local
710 2 _aebrary, Inc.
830 0 _aArtech House telecommunications library.
856 4 0 _uhttp://site.ebrary.com/lib/rucke/Doc?id=10081923
_zAn electronic book accessible through the World Wide Web; click to view
999 _c55082
_d55082